Quizzes
Events
Quiz Creation
Community
Videos
Private Events
Remove Ads
Sign In
Join for FREE
Feedback
Dark Mode
Quiz Categories
Sports
Geography
Music
Movies
Television
Just For Fun
Miscellaneous
History
Literature
Language
Science
Gaming
Entertainment
Religion
Holiday
For Kids
Quiz Lab
Recent
Popular Today
Quiz Kudos Today
Editor Picks
Curator Picks
Quizzes by...
Day
Popularity
Type
Ratings
Length
Year
Community
Subscriptions
Recent Discussions
Orange Saloon
Badges
Playlists
Quests
Create
Leaderboards
Showdown
Live 5
Trivia Bingo
Activity
Puzzle Library
Sporcle Events
Private Events
Virtual Trivia
Globe League
Become a Host
Pub Owners
SporcleCon
Opinionation
Our Games
Videos
Blog
Mobile Apps
Partnerships
Remove Ads and Go Orange
Feedback
Language
Vocabulary
Begins and Ends
Definition
Spanish
French
German
Italian
Chinese
Latin
Translation
Japanese
Language
Vocabulary
Begins and Ends
Definition
Spanish
French
German
Italian
Chinese
Latin
Translation
Japanese
Random Quiz
Search Sporcle
×
Quiz Lab
Quiz Lab
Language
Verb
Type in answers that appear in a list
Type in answers that appear in a list
Classic
Best Score? Go Orange.
Verbs like gustar Stats
Can you name the verbs like gustar?
By
rogersdi
10m
15 Questions
103 Plays
103 Plays
103 Plays
Comments
Comments
Give Quiz Kudos
Give Quiz Kudos
-
- Ratings
hide this ad
Replay
Link that replays current quiz
Next Quiz
Link to next quiz in quiz playlist
You Got
0%
They Got
Avg Score
51%
Avg Friend Score
Upgrade to see
Score Distribution
Jump to the score distribution portion of the page
Score
0/15
Timer
10:00
0
Plays Today
La oración
El verbo y objeto
% Correct
_
_
_
_
_
_
_
_
_
_
_
_
_
_
_
_
_
_
la obra de teatro, 'Les Mis'(fascinates me)
me fascina
92.2%
_
_
_
_
_
_
_
_
_
_
_
_
_
_
las películas de horror (bother us)
nos molestan
86.4%
_
_
_
_
_
_
_
_
_
_
_
_
_
_
_
_
_
las telenovelas (matter to her/
are importante to her)
le importan
85.4%
_
_
_
_
_
_
_
_
_
_
_
_
_
_
_
_
_
_
los cubiertos (he needs/
lacking)
le hacen falta
68%
_
_
_
_
_
_
_
_
_
_
_
_
_
_
_
_
_
_
la clase de arte (interests them)
les interesa
67%
_
_
_
_
_
_
_
_
_
_
_
_
_
_
_
_
_
las salchichas (gross me out)
me dan asco
53.4%
_
_
_
_
_
_
_
_
_
_
_
_
_
_
_
_
_
_
los tomates (make me sick)
me enferman
51.5%
Ayer _
_
_
_
_
_
_
_
_
_
_
_
_
_
_
_
_
la maestra (made me angry)
me enojó
50.5%
La oración
El verbo y objeto
% Correct
Cuando eran niños _
_
_
_
_
_
_
_
_
_
_
_
_
_
_
los bichos (bugs fascinated them)
les fascinaban
41.7%
Cuando era niña _
_
_
_
_
_
_
_
_
_
_
_
_
_
_
_
la oscuridad (the dark scared me)
me daba miedo
35.9%
Cuando éramos niños _
_
_
_
_
_
_
_
_
_
_
_
_
los deportes (sports didn't matter to us)
no nos importaban
35.9%
Cuando era niña _
_
_
_
_
_
_
_
_
_
_
las muñecas (she liked)
le gustaban
33%
El año pasado _
_
_
_
_
_
_
_
_
_
_
_
_
_
_
_
la clase de Hablar (made him nervous)
le puso nervioso
31.1%
El verano pasado _
_
_
_
_
_
_
_
_
_
_
_
_
el viaje (She loved the trip)
le encantó
21.4%
Anoche _
_
_
_
_
_
_
_
_
_
_
_
_
la pelicula (made us laugh)
nos dio risa
17.5%
Quiz Playlist
Details
Report
Send in Message
Add To Playlist
Classic:
Type in answers that appear in a list
Last Updated: Feb 16, 2017
Quiz Scoreboard
CHALLENGE
Sign Up to Join the Scoreboard
Show All
Scores
Hide
Comments
May contain spoilers
Recently Published
College Basketball Coaching Resumes
by pancakes188
Sports
9m
Billboard Blitz: Fleetwood Mac
by CooCooCachoo
Music
15s
Presidents Visiting Landmarks
by Hejman
History
7m
More to Explore
Quiz From the Vault
Featured Blog Post
Where Did the Easter Bunny Come From?
hide this ad
You Might Also Like...
Tags
gustar
Verb
Verbo
Today's Top Quizzes in Language
Browse Language
hide this ad
Today's Top Quizzes in Verb
Browse Verb
Top Contributed Quizzes in Language
1
1-10 Letter F Words III
2
1-10 Letter G Words III
3
Alphabetize! : 'As' words
4
1-10 Letter H Words III
5
Order Up: Top 10 Most Native Spoken Languages
6
Celtic Nations in their Language
7
One Thing in Common: Italy
8
1-10 Letter I Words III
9
1-10 Letter J Words III
10
Weisst du, aus welchen Sprachen diese Wörter stammen?
Explore More
Trending Topics
Marvel
Disney
Harry Potter
Crossword
NBA
Anime
Kpop
The Office
NFL
Country
Pokémon
Puzzle
Song
Soccer
WWE
hide this ad
More By:
rogersdi
Quiz
Plays
Rating
Category
Featured
Created
Spanish Family Members
2,671
3.17
Language
Nov 10, 2010
Capitales de los países de Latinoamérica
1,969
1.67
Geography
Sep 8, 2010
vocabulario de comida
389
5.00
Language
Jun 21, 2010
La Comida en Espanol
312
1.00
Language
Mar 10, 2011
Regular and Stem-changing Verbs
260
Language
Apr 27, 2011
Go to Creator's Profile
Score Distribution
Quiz Creator Spotlight
rogersdi
Follow
Send a Message
Quizzes Created
-
Created Quiz Play Count
-
More By This Creator
Popular Quizzes Today
1
Find the US States - No Outlines Minefield
2
Find the Countries of Europe - No Outlines Minefield
3
The Countries of the World
4
Find the US States
5
Risky Map Clicking: Biggest States A-Z
6
US States
7
Popular People in 1961
8
Movies - When Are They Set?
More Language Quizzes
Vowelless Every-Vowel Words
Editor's Pick
Trending Quizzes
Risky Map Clicking: Least Populous States A-Z
1-10 Letter G Words
1-10 Letter F Words
Risky Map Clicking: Next State Alphabetically
Risky Map Clicking: Biggest States A-Z
Recently Updated
Leaping Animals
pecheneg
Reality TV Shows (A-Z)
bhenderson79
Rickey Henderson's Hall of Fame Teammates
pecheneg
Champions League XIs: Arsenal
pecheneg
Quick Pick: Celebrities in WWE's Hall of Fame
aduchscher
A-Z Keypad Blitz II
pecheneg
Multiple Oscar Actors
pecheneg
Mystery Phrase Blitz: Oscar 'Best Actors'
pecheneg
F. Scott Fitzgerald Novels
LTH
Pick 3 Villains
ddd62291
Trending Topics
NBA
Marvel
Harry Potter
Kpop
Anime
Crossword
Disney
Soccer
Song
NFL
The Office
Pokémon
WWE
Country
Puzzle
Your Account Isn't Verified!
In order to create a playlist on Sporcle, you need to verify the email address you used during registration. Go to your
Sporcle Settings
to finish the process.
Report this User
Report this user for behavior that violates our
Community Guidelines
.
Details:
Send Report
Go to the Sporcle.com Mobile Site →
Comments